|
|
|
|
| LEADER |
00696nab a2200193 i 4500 |
| 001 |
acta23950 |
| 005 |
20210601150003.0 |
| 008 |
161017s1975 hu o 0|| eng d |
| 022 |
|
|
|a 0001-6721
|
| 040 |
|
|
|a SZTE Egyetemi Kiadványok Repozitórium
|b hun
|
| 041 |
|
|
|a eng
|
| 100 |
1 |
|
|a Hevesi János
|
| 245 |
1 |
0 |
|a Time stability of detergent (micelle) systems containing organic dyes
|h [elektronikus dokumentum] /
|c Hevesi János
|
| 260 |
|
|
|c 1975
|
| 300 |
|
|
|a 31-36
|
| 490 |
0 |
|
|a Acta physica et chemica
|v 21 No. 1-2
|
| 695 |
|
|
|a Természettudomány, Fizika, Kémia
|
| 700 |
0 |
1 |
|a Molnár Miklós
|e aut
|
| 856 |
4 |
0 |
|u http://acta.bibl.u-szeged.hu/23950/1/phys_chem_021_fasc_001_002_031-036.pdf
|z Dokumentum-elérés
|